00748nam a2200193 i 450000100060000000300090000600500170001500700030003200800410003511100590007624500570013526000750019230000290026765000390029671000580033585200220039399900170041595201220043251111ES-MaACL20230906162312.0t|030811s1972 sp ||||1| spa d2 aCertamen Internacional de Cuentos (n10º. d1971)95510aCuentos premiados : bX Certamen Internacional 1971. aSalamanca : bCaja de Ahorros y Monte de Piedad de Salamanca, c[1972] a92 p. : bil. ; c18 cm. 4aCuentos españoles-yS.XX.9114872 aCaja de Ahorros y Monte de Piedad de Salamanca.92323 aES-MaACLjC-43865 c51111d51111 00104070aATENEOMbATENEOMcDEPO2d2008-01-17eSCl0oC-43865p1053753r2023-02-23 00:00:00w2023-02-23yMONOGRAFIA